000 00883nam a22002417a 4500
999 _c7038
_d7038
003 AR-CdUCM
008 190319b ||||| |||| 00| 0 spa d
020 _a84-7031-134-4
040 _aMUNICIPALIDAD PROVINCIAL DEL CUSCO
_cBIBLIOTECA MUNICIPAL DEL CUSCO
041 _heng
082 _a635.9 /
_bW92
100 _aWright, Michael
_919837
245 _aGuía practica ilustrada para el jardín /
260 _aBarcelona :
_bBlume,
_c1979.
300 _a191 páginas ;
_bIlustraciones,
_c29 cm.
505 _aEl diseño del jardín -- Principales características del jardín -- La técnica de la jardinería -- Plantas decorativas para el jardín -- El jardín de frutas y hortalizas ...
650 _aJardinería
_919750
650 _aPlantas decorativas
_919838
700 _aPerry, France
_919839
700 _aElsley, John E.
_919840
942 _2ddc
_cLIBROS
945 _aacv